000 00370pab a2200145 454500
008 180718b1988 xxu||||| |||| 00| 0 eng d
100 _aMoran, Michael
245 _aCrisis of the welfare state (Review article)
260 _c1988
300 _a397-414
362 _aJul.
650 _aWelfare State
773 _aBritish Journal of Political Science
909 _a20692
999 _c20692
_d20692